| 000 | 00368 a2200145 4500 | ||
|---|---|---|---|
| 001 | 58730 | ||
| 020 | _a853420196X | ||
| 040 | _cAnchieta - Pituba | ||
| 100 | _aSilveira, Edeval | ||
| 240 | 1 | 0 |
_aHistória das transformações populacionais _lpor |
| 245 | 1 | 0 | _aHistória das transformações populacionais |
| 300 | _a319 | ||
| 650 | 4 | _aHistória do mundo | |
| 942 | _cBK | ||
| 999 |
_c58730 _d58730 |
||